00870nam a2200217Ia 4500003000900000008004100009020001800050040001600068080002200084111006500106245019300171260004500364300001400409490001500423650001900438650003100457700003000488942000700518999001700525952011000542IN-BaIIA211028s9999 xx 000 0 eng d a92-9092-796-8 cIIA Library a524.7(082.2)bESA aEuropean Space AgencycLondon, U.K.d1999 Sept. 22-24925555 0aCluster - II multiscale/multipoint plasma measurementsbproceedings conference multiscale/multipoint plasma measurements held in London, U.K., September 22-24, 1999cedited by R. A. Harris aNetherlandsbEuropean Space Agencyc1999 aix, 421p. aESA SP-449 aCluster925556 aPlasma Measurements925557 aHarris, R. A., ed.925558 cBK c14409d14409 00104070aBANbBANcGENd2001-12-27l0o524.7(082.2)/ ESAp15329r2021-11-05w2001-12-27yBKG€ 40.00